000 01048nam a2200289 i 4500
001 000027333
003 DO-SdBNP
005 20240605093649.0
007 ta
008 110331s1980 dr 001 0 spa d
040 _aDO-SdBNP
_bspa
_cBNPHU
_erda
049 _aBNPD
082 4 _bP349a
_222
100 1 _aPeña Pérez, Frank,
_d1948-
_954412
_eautor
245 1 0 _aAntonio Osorio monopolio, contrabando y despoblación /
_cFrank Peña Pérez ; corrección e índice, José Alcántara Almánzar
264 _aSantiago de los Caballeros, República Dominicana :
_bUCMM,
_c1980.
300 _a240 páginas ;
_c20 cm.
336 _2rdacontent
_atexto
_btxt
337 _2rdamedia
_asin mediación
_bn
338 _2rdacarrier
_avolumen
_bnc
500 _aIncluye índice de nombres
500 _aIncluye referencias bibliográficas y notas al pie de las páginas.
504 _aBibliografía : p. 225-227
590 _aInventariado, 2024/BT
710 1 _aRepública Dominicana.
_bUnversidad Católica Madre y Maestra
_954413
942 _2ddc
_cLBS1
999 _c26825
_d26825